00682nam a2200169 a 4500008004100000050001500041100001700056245002600073246007000099250001200169260004900181300001700230350000900247995010800256999001700364952013100381120416s1966 ||||||||||||||||| || u aDT 763 Rou aRoux, Edward10aTime longer than rope aa history of the black man's struggle for freedom in South Africa a2nd ed. aMadisonbUniversity of Wisconsin Pressc1966 axviii, 469p. a0.00 D0.00FCBU-MAIN LIBRARY (Kitwe)H1I0.00M1UAVAILABLEWSep 8, 2006ZMain Library Open Access Collection c59917d59917 00102lcc4070a001b001cMain Library Open Access Collectiond2022-11-30l0oDT 763 Roup001035r2022-11-30w2022-11-30y002